000 00847nam a22003257a 4500
001 BR2013007121
003 BR-BrBNA
005 20230928104245.0
007 ta
008 230509b bl.||||| |||| 00| 0 por d
040 _aBR-BrBNA
_bpor
_cBiblioteca Nacional de Agricultura
041 _a(Por)
072 _aL72
_b4060
090 _ 4060 BR2013007121
100 1 _aFreitas, M.G.
245 1 _aHelmintologia veterinária
250 1 _a3. ed.
260 3 _aBelo Horizonte, MG (Brasil):
_c1977.
300 _a397 p.
500 _aBibliography p. 359-375; 61 illus.; 20 tables
650 _aHELMINTOLOGIA
650 _aVETERINÁRIA
650 _aMORFOLOGIA ANIMAL
650 _aEPIDEMIOLOGIA
650 _aSINTOMA
650 _aDIAGNÓSTICO
650 _aPARASITOLOGIA
909 _a202309
_bLucia
_c55
_dLucia Elande
942 _cBK
999 _c78941
_d78941